00778 a2200193 4500999001900000005001700019010001500036020003000051035001400081037001600095082001800111100001800129245006400147260005800211270011100269300002200380942003700402952014500439 c183103d18310320211216125854.0 aENG-130373 c452.00a978-81-945229-6-6 aEN-113905 bDBAD / PUB a595.789095414 aRanjan, Vinay aFlora of Gorumara National Park:cVinay Ranjan, Anant Kumar bThe Director Botanical Survey of IndiaaKolkatac2020 bKolkataaCGO Complex, 3rd MSO Building Block-F, 5th & 6th Floor, DF-Block Sector-I, Salt Lake Citye700064 a127p.c24cm (hbk) adplcEN2ddch595.789095414mRAN 001040708NFICaBL4bBL4d2021-12-16eDBAD/PUBg452.00l1m1o595.789095414 RANpEN-113905r2025-07-05 00:00:00s2025-06-16t1v452.00yEN